| 000 | 00764nam a22002417a 4500 | ||
|---|---|---|---|
| 003 | OSt | ||
| 005 | 20220107122859.0 | ||
| 008 | 200317b xxu||||| |||| 00| 0 eng d | ||
| 020 | _a9789332585225 | ||
| 040 | _cIIITMK | ||
| 082 | _a005.82 STA/C;2 | ||
| 100 |
_aStallings, William _917880 |
||
| 245 |
_aCryptography and network security: _bPrinciples and practice _cWilliam Stallings |
||
| 250 | _a7 | ||
| 260 |
_aNew Delhi, _bPearson India Education, _c2017. |
||
| 300 | _a766p. | ||
| 500 | _aPurchased through Budget Head ISEA Project Phase 2; Coordinator Mr. Meraj Uddin Faculty IIITMK | ||
| 650 |
_aCOMPUTER SCIENCE _918119 |
||
| 650 |
_aCOMPUTER SECURITY _918120 |
||
| 650 |
_aCRYPTOGRAPHY _918121 |
||
| 650 |
_aNETWORK SECURITY _918122 |
||
| 942 |
_2ddc _cBK |
||
| 999 |
_c6772 _d6772 |
||